Une marque, un pays - Statistiques

Statistiques générales
  • Ce quiz a été pris 561 fois
  • Le résultat moyen est 11 sur 13
Statistiques - réponses
Hint Réponse % Correct
Coca-Cola Etats-Unis
99%
Louis Vuitton France
99%
Xiaomi Chine
98%
Toyota Japon
98%
Adidas Allemagne
96%
Prada Italie
91%
Toblerone Suisse
91%
Zara Espagne
89%
Samsung Corée du Sud
88%
Côte d'Or Belgique
79%
Heineken Pays Bas
77%
Spotify Suède
76%
Hummel Danemark
57%
Aucun quiz correspondant
Distribution des résultats
% des personnes avec chaque résultat
Percentile par nombre de réponses
Votre historique - résultats
Vous n’avez pas pris ce quiz